| 000 | 00772nam a22002297a 4500 | ||
|---|---|---|---|
| 003 | OSt | ||
| 005 | 20150408114118.0 | ||
| 008 | 130211s2013 jo a f b 00| 0 ara d | ||
| 020 | _a9789957920050 | ||
| 040 |
_aMU _bara |
||
| 082 | 0 | 4 |
_221 _a371.9 _bي خ م |
| 100 | 1 |
_aيحيى، خولة أحمد _921497 |
|
| 245 | 1 | 0 |
_aمقدمة في الإعاقات الشديدة والمتعددة / _cخوله أحمد يحيى. |
| 250 | _aط. 1. | ||
| 260 |
_aعمان، الأردن : _bدار الفكر، _c2013. |
||
| 300 |
_a355 ص. : _bإيض. ؛ _c24 سم. |
||
| 504 | _aببليوجرافية : ص. 334-335. | ||
| 650 | 4 |
_aالمعوقون _xتعليم. |
|
| 650 | 4 |
_aالمعوقون _xرعاية. _914984 |
|
| 650 | 4 | _aالتعليم الخاص. | |
| 942 |
_2ddc _cDVD |
||
| 999 |
_c27969 _d262469 |
||